Dwarves in Lord of the Rings and The Hobbit by Screen Time - Statistics

General Stats
  • This quiz has been taken 20 times
  • The average score is 14 of 17
Answer Stats
Total Screen time in The Hobbit Total Screen Time in Lord of the Rings Answer % Correct
0 39 min Gimli
100%
1 h 31 min 45 sec 0 Thorin
100%
27 min 30 sec 0 Fili
95%
21 min 30 sec 3 sec Gloin
95%
36 min 30 sec 0 Kili
95%
26 min 15 sec 0 Bofur
90%
21 min 45 sec 0 Bombur
90%
20 min 45 sec 0 Oin
90%
40 min 15 sec 0 Balin
85%
21 min 15 sec 0 Bifur
85%
19 min 30 sec 0 Dwalin
85%
21 min 30 sec 0 Ori
75%
4 min 0 Dain Ironfoot
70%
20 min 0 Dori
70%
20 min 30 sec 0 Nori
70%
1 min 45 sec 0 Thror
70%
30 sec 0 Thrain
65%
No matching quizzes found
Score Distribution
Percent of People with Each Score
Percentile by Number Answered
Your Score History
You have not taken this quiz